[Event "FRA-chT1 0910"]
[Site "France"]
[Date "2009.10.18"]
[Round "3.6"]
[White "Forestier, Flavien"]
[Black "Manoeuvre, Antoine"]
[Result "1/2-1/2"]
[WhiteElo "2184"]
[BlackElo "2210"]
[PlyCount "66"]
[EventDate "2009.09.27"]
[EventType "team-match"]
[EventRounds "11"]
[EventCountry "FRA"]
[SourceDate "2009.07.26"]

1. d4 Nf6 2. Nf3 g6 3. c4 Bg7 4. Nc3 d6 5. e4 O-O 6. Be2 e5 7. d5 a5 8. Bg5 h6
9. Bh4 Qe8 10. Nd2 Na6 11. g4 Nh7 12. Qc2 Nc5 13. O-O-O Bd7 14. Nf1 Ng5 15.
Bxg5 hxg5 16. Nd2 Qe7 17. Rdg1 f6 18. Nf3 Kf7 19. h4 gxh4 20. Rxh4 Rh8 21. Rgh1
Bxg4 22. Rxh8 Rxh8 23. Rxh8 Bxh8 24. Ng5+ fxg5 25. Bxg4 Qf6 26. f3 Qf4+ 27. Kd1
Bf6 28. Na4 Qg3 29. Nxc5 Qg1+ 30. Kd2 Qf2+ 31. Kd1 Qf1+ 32. Kd2 Qf2+ 33. Kd1
Qf1+ 1/2-1/2

[Event "FRA-chT1 0910"]
[Site "France"]
[Date "2009.10.18"]
[Round "3.8"]
[White "Forestier, Carole"]
[Black "Wilson, Alexandra"]
[Result "1-0"]
[WhiteElo "2121"]
[BlackElo "2083"]
[PlyCount "69"]
[EventDate "2009.09.27"]
[EventType "team-match"]
[EventRounds "11"]
[EventCountry "FRA"]
[SourceDate "2009.07.26"]

1. d4 e6 2. c4 b6 3. Nf3 Bb7 4. g3 Bb4+ 5. Bd2 Bxd2+ 6. Qxd2 Nf6 7. Nc3 O-O 8.
Bg2 d6 9. O-O Nbd7 10. Qc2 Qe7 11. e4 e5 12. Nd5 Nxd5 13. cxd5 Rac8 14. dxe5
dxe5 15. Rfd1 Rfd8 16. Qd2 Nf6 17. Nh4 g6 18. Qd3 Rd6 19. Qa3 a6 20. Rd2 Rcd8
21. Rc1 Ne8 22. Nf3 Kg7 23. Qc3 f6 24. Qa3 Qd7 25. Rdc2 c6 26. dxc6 Rd1+ 27.
Bf1 Qh3 28. Rxd1 Rxd1 29. Nd2 Bxc6 30. Rxc6 Qd7 31. Rc2 Nc7 32. Qe3 Ne6 33. Nf3
Qb5 34. Qe2 Qd7 35. Rd2 1-0

[Event "FRA-chT1 0910"]
[Site "France"]
[Date "2009.11.21"]
[Round "4.6"]
[White "Lallement, Victor"]
[Black "Kerbrat, Julien"]
[Result "0-1"]
[WhiteElo "2117"]
[BlackElo "2185"]
[PlyCount "114"]
[EventDate "2009.09.27"]
[EventType "team-match"]
[EventRounds "11"]
[EventCountry "FRA"]
[SourceDate "2009.07.26"]

1. d4 Nf6 2. c4 c5 3. d5 b5 4. cxb5 a6 5. e3 g6 6. Nc3 Bg7 7. Nf3 O-O 8. a4 d6
9. Bd3 axb5 10. Bxb5 Ba6 11. Bd2 Bxb5 12. axb5 Nbd7 13. O-O Nb6 14. e4 Nc4 15.
Qb3 Nxd2 16. Nxd2 Nd7 17. Nc4 Ne5 18. Nxe5 Bxe5 19. Ra4 Qb6 20. Rfa1 Rxa4 21.
Qxa4 Rb8 22. Qa6 Bxc3 23. bxc3 Qxb5 24. Qxb5 Rxb5 25. f3 Rb2 26. Re1 Rc2 27.
Re3 Kf8 28. h4 e6 29. dxe6 fxe6 30. Kh2 Ke7 31. Kg3 e5 32. Rd3 c4 33. Re3 h5
34. Kh3 Rd2 35. Re1 Kd7 36. Rc1 Kc6 37. g4 Kc5 38. gxh5 gxh5 39. Kg3 Kc6 40.
Ra1 Rd3 41. Rc1 d5 42. exd5+ Kxd5 43. Kf2 e4 44. fxe4+ Kxe4 45. Rg1 Rf3+ 46.
Ke2 Rh3 47. Rg8 Rh2+ 48. Kf1 Kd3 49. Rg3+ Kd2 50. Rf3 Rxh4 51. Kg2 Re4 52. Kf2
Re2+ 53. Kf1 Re3 54. Rf5 h4 55. Rf4 h3 56. Rxc4 Re1+ 57. Kf2 h2 0-1

[Event "FRA-chT1 0910"]
[Site "France"]
[Date "2009.11.22"]
[Round "5.4"]
[White "Oliveira, Sancho"]
[Black "Vesin, Jean Robert"]
[Result "1-0"]
[WhiteElo "2224"]
[BlackElo "2244"]
[PlyCount "101"]
[EventDate "2009.09.27"]
[EventType "team-match"]
[EventRounds "11"]
[EventCountry "FRA"]
[SourceDate "2009.07.26"]

1. e4 g6 2. d4 Bg7 3. Nc3 d6 4. f4 Nf6 5. Nf3 O-O 6. Bd3 Nc6 7. Be3 Bg4 8. h3
Bxf3 9. Qxf3 e5 10. dxe5 dxe5 11. f5 Nd4 12. Qf2 c6 13. g4 Nd7 14. g5 Re8 15.
f6 Bf8 16. h4 h5 17. O-O-O b5 18. Ne2 Qa5 19. Kb1 Ne6 20. Bd2 Qb6 21. Qxb6 Nxb6
22. Nc1 a6 23. Ba5 Nd7 24. Be2 Ndc5 25. Bf3 Nb7 26. Be1 Nec5 27. Nd3 Rad8 28.
Nxc5 Rxd1+ 29. Bxd1 Nxc5 30. Bf3 Re6 31. b3 Rd6 32. Bc3 Nd7 33. Bg2 Nc5 34. Re1
Re6 35. Kc1 b4 36. Bb2 a5 37. Rd1 Re8 38. Kb1 a4 39. Bc1 Ne6 40. Rd7 axb3 41.
cxb3 Bc5 42. Bf1 Bf2 43. Bc4 Nd8 44. Bd2 c5 45. Bd5 Kf8 46. a4 bxa3 47. Ba5 Ne6
48. Bc7 Nxc7 49. Rxf7+ Kg8 50. Rxc7+ Kh8 51. Rg7 1-0

[Event "FRA-chT1 0910"]
[Site "France"]
[Date "2009.11.22"]
[Round "5.7"]
[White "Forestier, Flavien"]
[Black "Marino, Olivier"]
[Result "1/2-1/2"]
[WhiteElo "2182"]
[BlackElo "2111"]
[PlyCount "103"]
[EventDate "2009.09.27"]
[EventType "team-match"]
[EventRounds "11"]
[EventCountry "FRA"]
[SourceDate "2009.07.26"]

1. d4 Nf6 2. Nf3 g6 3. c4 c5 4. d5 b5 5. cxb5 a6 6. bxa6 Bxa6 7. Nc3 d6 8. g3
Bg7 9. Bg2 O-O 10. O-O Nbd7 11. Qc2 Nb6 12. Rd1 Bb7 13. e4 Nfd7 14. Rb1 Ne5 15.
Nxe5 Bxe5 16. b3 f5 17. Ne2 Bc8 18. b4 cxb4 19. Rxb4 fxe4 20. Bxe4 Bf5 21. Bxf5
Rxf5 22. Be3 Nd7 23. f4 Bg7 24. g4 Rf7 25. g5 Qa5 26. Rb7 Qxa2 27. Rd2 Qxc2 28.
Rxc2 Ra1+ 29. Kg2 Nf8 30. Kf3 Ra5 31. Ke4 e6 32. Rxf7 Kxf7 33. Rc7+ Kg8 34. Bd4
exd5+ 35. Kf3 Bxd4 36. Nxd4 Ra4 37. Ne2 Ra3+ 38. Kg4 Re3 39. Nc3 Rd3 40. Nb5
Ne6 41. Re7 Nd4 42. Nxd6 Nf3 43. Re2 Nd4 44. Ra2 Ne6 45. Ne8 Rd4 46. Nf6+ Kg7
47. Ra7+ Kf8 48. Nxh7+ Ke8 49. Nf6+ Kf8 50. h4 Nxf4 51. Nh7+ Kg8 52. Nf6+
1/2-1/2

[Event "FRA-chT1 0910"]
[Site "France"]
[Date "2009.11.22"]
[Round "5.5"]
[White "Van Hoolandt, Patrick"]
[Black "Vuitton, Gilles"]
[Result "0-1"]
[WhiteElo "2211"]
[BlackElo "2154"]
[PlyCount "64"]
[EventDate "2009.09.27"]
[EventType "team-match"]
[EventRounds "11"]
[EventCountry "FRA"]
[SourceDate "2009.07.26"]

1. d4 e6 2. c4 d5 3. Nf3 c6 4. Qc2 f5 5. Bf4 Nf6 6. e3 Be7 7. h3 Ne4 8. Nbd2
Nd7 9. Bd3 Ndf6 10. a3 Nxd2 11. Qxd2 Ne4 12. Qc2 Qa5+ 13. Ke2 Nf6 14. Ne5 dxc4
15. Nxc4 Qd8 16. g4 Nd5 17. Be5 O-O 18. f4 b5 19. Nd2 c5 20. dxc5 Bb7 21. Rhg1
g6 22. gxf5 exf5 23. Bxf5 Nxe3 24. Be6+ Rf7 25. Kxe3 Bd5 26. Bxf7+ Bxf7 27.
Rad1 Qc8 28. b4 a5 29. Rg3 axb4 30. axb4 Ra3+ 31. Bc3 Bd8 32. Nf3 Qxc5+ 0-1

[Event "FRA-chT1 0910"]
[Site "France"]
[Date "2009.11.22"]
[Round "5.1"]
[White "Bratanov, Jivko"]
[Black "Zharkov, Hleb"]
[Result "1-0"]
[WhiteElo "2457"]
[BlackElo "2232"]
[PlyCount "59"]
[EventDate "2009.09.27"]
[EventType "team-match"]
[EventRounds "11"]
[EventCountry "FRA"]
[SourceDate "2009.07.26"]

1. d4 f5 2. Nc3 Nf6 3. Bg5 d5 4. e3 Be6 5. Nge2 Qd7 6. Nf4 Bf7 7. Nd3 Nc6 8.
Nc5 Qc8 9. Bb5 e6 10. Nd3 Bd6 11. Na4 a6 12. Bxc6+ bxc6 13. Nac5 Nd7 14. Qd2
Bxc5 15. dxc5 e5 16. Qc3 h6 17. Bh4 O-O 18. Nxe5 Nxe5 19. Qxe5 Re8 20. Qg3 Re4
21. O-O-O g5 22. f4 Qe6 23. fxg5 Rg4 24. Qh3 hxg5 25. Be1 Kg7 26. Bc3+ Kg6 27.
Rd4 Re4 28. Qg3 Rxe3 29. Qxc7 Qe8 30. Qc8 1-0

[Event "FRA-chT2 0910"]
[Site "France"]
[Date "2009.10.04"]
[Round "1.1"]
[White "Bastian, Herbert"]
[Black "Zaragatski, Ilja"]
[Result "1/2-1/2"]
[WhiteElo "2352"]
[BlackElo "2475"]
[PlyCount "77"]
[EventDate "2009.09.27"]
[EventType "team"]
[EventRounds "11"]
[EventCountry "FRA"]
[Source "ChessBase"]
[SourceDate "2010.03.11"]

1. e4 e6 2. d4 d5 3. e5 c5 4. c3 Nc6 5. Nf3 Nge7 6. Be2 Qb6 7. dxc5 Qc7 8. O-O
Ng6 9. b4 Ngxe5 10. Nxe5 Nxe5 11. f4 Nc6 12. Be3 Be7 13. Nd2 Bf6 14. Rc1 O-O
15. Nf3 Bd7 16. Qd2 Rad8 17. Bd4 e5 18. fxe5 Nxe5 19. Bd3 h6 20. Nxe5 Bxe5 21.
Bxe5 Qxe5 22. Rce1 Qh5 23. Qf4 Be6 24. Re5 Qg4 25. Qf2 Bc8 26. h3 Qd7 27. Qd4
Qc7 28. Rf3 Rfe8 29. Rxe8+ Rxe8 30. Qxd5 Re1+ 31. Kf2 Ra1 32. Bc4 Be6 33. Qe4
Bxc4 34. Qxc4 Qe7 35. Re3 Qf6+ 36. Rf3 Qe7 37. Re3 Qf6+ 38. Rf3 Qe7 39. Re3
1/2-1/2

[Event "FRA-chT2 0910"]
[Site "France"]
[Date "2009.10.04"]
[Round "1.1"]
[White "Bernard, Christophe"]
[Black "Boulard, Eric"]
[Result "1-0"]
[WhiteElo "2356"]
[BlackElo "2243"]
[PlyCount "79"]
[EventDate "2009.09.27"]
[EventType "team"]
[EventRounds "11"]
[EventCountry "FRA"]
[Source "ChessBase"]
[SourceDate "2010.03.11"]

1. d4 f5 2. g3 g6 3. Bg2 Nf6 4. c3 c6 5. Nd2 Bg7 6. Qb3 Qb6 7. Nh3 d5 8. Nf4 e5
9. dxe5 Ng4 10. Nd3 Nxe5 11. Nxe5 Bxe5 12. Nf3 Bg7 13. Be3 Qxb3 14. axb3 a6 15.
b4 Nd7 16. b5 O-O 17. Nd4 Bxd4 18. Bxd4 Nf6 19. bxc6 bxc6 20. Ra5 Ne4 21. f3
Nd6 22. Ra2 Re8 23. Kf2 Rb8 24. Rb1 Rb3 25. Ra3 Rb5 26. b4 Nc4 27. Raa1 a5 28.
bxa5 Rxb1 29. Rxb1 Nxa5 30. Rb6 Bd7 31. Ra6 Nb3 32. Be3 c5 33. Rd6 d4 34. cxd4
cxd4 35. Bxd4 Nxd4 36. Rxd4 Re7 37. e4 Kf7 38. e5 Be6 39. f4 Ra7 40. Ke3 1-0

[Event "FRA-chT2 0910"]
[Site "France"]
[Date "2009.10.04"]
[Round "1.1"]
[White "Bissieres, Mathieu"]
[Black "Herb, Pascal"]
[Result "1/2-1/2"]
[WhiteElo "2317"]
[BlackElo "2258"]
[PlyCount "45"]
[EventDate "2009.09.27"]
[EventType "team"]
[EventRounds "11"]
[EventCountry "FRA"]
[Source "ChessBase"]
[SourceDate "2010.03.11"]

1. e4 b6 2. d4 Bb7 3. Bd3 Nc6 4. c3 e5 5. d5 Nce7 6. Nf3 Ng6 7. h4 h5 8. g3 Nf6
9. Bg5 Be7 10. Bxf6 Bxf6 11. Nbd2 Nf8 12. Nc4 d6 13. Qe2 Nd7 14. O-O-O g6 15.
Ne3 Nc5 16. Bb5+ Kf8 17. b4 Nd7 18. Bc6 Qc8 19. g4 a5 20. Bxd7 Qxd7 21. g5 Bg7
22. b5 Ke7 23. a4 1/2-1/2

[Event "FRA-chT2 0910"]
[Site "France"]
[Date "2009.10.04"]
[Round "1.1"]
[White "Bodenez, Vincent"]
[Black "Bleunven, Andre"]
[Result "1-0"]
[WhiteElo "2204"]
[BlackElo "2293"]
[PlyCount "67"]
[EventDate "2009.09.27"]
[EventType "team"]
[EventRounds "11"]
[EventCountry "FRA"]
[Source "ChessBase"]
[SourceDate "2010.03.11"]

1. e4 c5 2. Nf3 e6 3. d4 cxd4 4. Nxd4 Nc6 5. Nc3 d6 6. g4 Nge7 7. Be3 Ng6 8.
Qe2 Be7 9. O-O-O a6 10. h4 Nxd4 11. Bxd4 e5 12. Be3 Bxh4 13. Kb1 Be6 14. Nd5
Rc8 15. Qd2 Bxd5 16. exd5 Nf4 17. Bxf4 exf4 18. Re1+ Kf8 19. Qxf4 Bf6 20. Qb4
b5 21. f4 g6 22. g5 Bg7 23. Bd3 Rc5 24. Qe4 Rc8 25. Re2 Kg8 26. Rh3 Qb6 27. c3
h6 28. f5 Qg1+ 29. Kc2 Qxg5 30. fxg6 fxg6 31. Rg2 Qf6 32. Rxg6 Rxc3+ 33. bxc3
Qxc3+ 34. Kd1 1-0

[Event "FRA-chT2 0910"]
[Site "France"]
[Date "2009.10.04"]
[Round "1.1"]
[White "Delaunay, Sebastien"]
[Black "Lejarre, Ludovic"]
[Result "1-0"]
[WhiteElo "2340"]
[BlackElo "2386"]
[PlyCount "67"]
[EventDate "2009.09.27"]
[EventType "team"]
[EventRounds "11"]
[EventCountry "FRA"]
[Source "ChessBase"]
[SourceDate "2010.03.11"]

1. d4 Nf6 2. c4 g6 3. Nc3 Bg7 4. e4 d6 5. f3 O-O 6. Be3 c5 7. dxc5 dxc5 8. Qxd8
Rxd8 9. Bxc5 Nc6 10. Nge2 Nd7 11. Bf2 Nde5 12. Nf4 Nb4 13. Rd1 Nc2+ 14. Ke2 Be6
15. Nfd5 Nxc4 16. Rc1 Nd4+ 17. Bxd4 Bxd4 18. Nb5 Nxb2 19. Nxd4 Bxd5 20. exd5
Rxd5 21. Rc2 Na4 22. Nb3 Rad8 23. g3 b5 24. Bg2 b4 25. Kf2 Nc3 26. Re1 a5 27.
f4 R5d6 28. Nxa5 Rd2+ 29. Rxd2 Rxd2+ 30. Kg1 Rxa2 31. Nb3 Rb2 32. Nc5 b3 33.
Bf1 Nb1 34. Nd3 1-0

[Event "FRA-chT2 0910"]
[Site "France"]
[Date "2009.10.04"]
[Round "1.1"]
[White "Eisenbeiser, Amadeus"]
[Black "Chernov, Vadim"]
[Result "0-1"]
[WhiteElo "2397"]
[BlackElo "2433"]
[PlyCount "55"]
[EventDate "2009.09.27"]
[EventType "team"]
[EventRounds "11"]
[EventCountry "FRA"]
[Source "ChessBase"]
[SourceDate "2010.03.11"]

1. e4 c5 2. Nf3 e6 3. c4 Nc6 4. d4 cxd4 5. Nxd4 Nf6 6. Nc3 Bb4 7. Nxc6 dxc6 8.
Qxd8+ Kxd8 9. e5 Ne4 10. a3 Bxc3+ 11. bxc3 Kc7 12. Be3 b6 13. f3 Nc5 14. O-O-O
Ba6 15. h4 Rhd8 16. Rxd8 Rxd8 17. Be2 Nb7 18. h5 Na5 19. Rh4 c5 20. Rg4 g6 21.
Bg5 Rd7 22. hxg6 hxg6 23. Bf6 Bb7 24. Rh4 Bc6 25. Bd3 Ba4 26. Kd2 Nb3+ 27. Ke3
Nc1 28. Bb1 0-1

[Event "FRA-chT2 0910"]
[Site "France"]
[Date "2009.10.04"]
[Round "1.1"]
[White "Favarel, Julien"]
[Black "Boudre, Jean Pierre"]
[Result "1-0"]
[WhiteElo "2299"]
[BlackElo "2343"]
[PlyCount "55"]
[EventDate "2009.09.27"]
[EventType "team"]
[EventRounds "11"]
[EventCountry "FRA"]
[Source "ChessBase"]
[SourceDate "2010.03.11"]

1. d4 Nf6 2. c4 e6 3. Nc3 Bb4 4. f3 c5 5. d5 d6 6. e4 Qe7 7. Nge2 O-O 8. a3 Ba5
9. Qa4 Bc7 10. Ng3 Nbd7 11. Be2 exd5 12. cxd5 Ne5 13. O-O a6 14. f4 Ng6 15. Bd2
Bd7 16. Qc2 b5 17. Rae1 Rfe8 18. Bf3 Nh4 19. Bd1 b4 20. Nb1 Bb5 21. Be2 Bb6 22.
Bc4 Ng6 23. Kh1 Bxc4 24. Qxc4 bxa3 25. Nxa3 Qd7 26. h3 Qb7 27. Bc3 Bd8 28. Qa4
1-0

[Event "FRA-chT2 0910"]
[Site "France"]
[Date "2009.10.04"]
[Round "1.1"]
[White "Franca, Ricardo Bedin"]
[Black "Pasquier, Thomas"]
[Result "1/2-1/2"]
[WhiteElo "2304"]
[BlackElo "2277"]
[PlyCount "170"]
[EventDate "2009.09.27"]
[EventType "team"]
[EventRounds "11"]
[EventCountry "FRA"]
[Source "ChessBase"]
[SourceDate "2010.03.11"]

1. e4 c5 2. Nf3 e6 3. d4 cxd4 4. Nxd4 a6 5. Bd3 Ne7 6. O-O Nec6 7. Nf3 d6 8. c4
Be7 9. Nc3 O-O 10. Be3 b6 11. Rc1 Bb7 12. Qe2 Nd7 13. Rfd1 Nce5 14. Nxe5 dxe5
15. a3 Bg5 16. b4 Bxe3 17. Qxe3 Qc7 18. Be2 Rfd8 19. Rd2 Nf6 20. Rcd1 Rxd2 21.
Rxd2 h6 22. f3 Rb8 23. Qd3 Kf8 24. Qd6+ Qxd6 25. Rxd6 Ke7 26. Rd2 Nd7 27. Kf2
Ra8 28. Bd1 Rc8 29. Bb3 Rc7 30. Na4 Bc6 31. Nb2 Ra7 32. Ba4 Bxa4 33. Nxa4 Rc7
34. Rc2 a5 35. bxa5 bxa5 36. c5 Nb8 37. Rb2 Nc6 38. Rb5 Rd7 39. Rb6 Rd4 40.
Rb7+ Ke8 41. Nb6 Rd2+ 42. Kf1 Rd1+ 43. Ke2 Rc1 44. Nc8 Rxc5 45. Nd6+ Kf8 46.
Rxf7+ Kg8 47. Rb7 Rc3 48. Ne8 Rxa3 49. Nxg7 Nd4+ 50. Kf2 a4 51. Nh5 Rb3 52. Ra7
a3 53. Nf6+ Kf8 54. Nd7+ Kg8 55. Nxe5 Nc2 56. Ra8+ Kg7 57. Ra7+ Kf8 58. Nc4 Rc3
59. Nxa3 Nxa3 60. Rh7 Nc4 61. Rxh6 Kf7 62. Rh7+ Kf6 63. Rc7 Ke5 64. h4 Rc2+ 65.
Kg3 Kd6 66. Rc8 Kd7 67. Rg8 Ne3 68. Kh3 Ke7 69. Rg5 Kf6 70. f4 Rc4 71. e5+ Kf7
72. g3 Rc1 73. g4 Rc3 74. Kh2 Nd5 75. f5 Nf4 76. h5 Rh3+ 77. Kg1 Re3 78. fxe6+
Kxe6 79. Rf5 Nd3 80. Rg5 Nxe5 81. Kf2 Ra3 82. Rg8 Kf7 83. Rg5 Kf6 84. Rg8 Kf7
85. Rg5 Kf6 1/2-1/2

[Event "FRA-chT2 0910"]
[Site "France"]
[Date "2009.10.04"]
[Round "1.1"]
[White "Gurevich, Vladimir"]
[Black "Joie, Sebastien"]
[Result "1-0"]
[WhiteElo "2470"]
[BlackElo "2113"]
[PlyCount "53"]
[EventDate "2009.09.27"]
[EventType "team"]
[EventRounds "11"]
[EventCountry "FRA"]
[Source "ChessBase"]
[SourceDate "2010.03.11"]
[WhiteTeam "Colmar"]

1. e4 d6 2. d4 Nf6 3. Nc3 e5 4. Nf3 Nbd7 5. Bc4 Be7 6. O-O O-O 7. Re1 c6 8. a4
b6 9. d5 cxd5 10. Nxd5 Bb7 11. b3 Rc8 12. Re2 Nc5 13. Nxf6+ Bxf6 14. Bd5 Qd7
15. Ba3 Bxd5 16. Qxd5 Rfd8 17. Rd1 Ne6 18. Red2 Nd4 19. Nxd4 exd4 20. g3 g5 21.
Rxd4 Rxc2 22. R4d3 Be7 23. e5 Qf5 24. Rf3 Qxe5 25. Qxf7+ Kh8 26. Rdd3 Rf8 27.
Qxf8+ 1-0

[Event "FRA-chT2 0910"]
[Site "France"]
[Date "2009.10.04"]
[Round "1.1"]
[White "Hetey, Laszlo"]
[Black "Saiboulatov, Danial"]
[Result "1/2-1/2"]
[WhiteElo "2347"]
[BlackElo "2395"]
[PlyCount "47"]
[EventDate "2009.09.27"]
[EventType "team"]
[EventRounds "11"]
[EventCountry "FRA"]
[Source "ChessBase"]
[SourceDate "2010.03.11"]

1. d4 e6 2. c4 Bb4+ 3. Bd2 a5 4. Nf3 Nf6 5. Nc3 d6 6. Qc2 Nc6 7. a3 Bxc3 8.
Bxc3 Qe7 9. e3 e5 10. d5 Nb8 11. Nd2 Nbd7 12. b4 axb4 13. axb4 Rxa1+ 14. Bxa1
O-O 15. Bd3 c6 16. dxc6 bxc6 17. O-O Bb7 18. Bc3 Ra8 19. Nb3 Qd8 20. Qb2 Qc7
21. Ra1 c5 22. Rxa8+ Bxa8 23. bxc5 dxc5 24. Bf5 1/2-1/2

[Event "FRA-chT2 0910"]
[Site "France"]
[Date "2009.10.04"]
[Round "1.1"]
[White "Laclau, Daniel"]
[Black "Kosten, Anthony C"]
[Result "0-1"]
[WhiteElo "2280"]
[BlackElo "2497"]
[PlyCount "42"]
[EventDate "2009.09.27"]
[EventType "team"]
[EventRounds "11"]
[EventCountry "FRA"]
[Source "ChessBase"]
[SourceDate "2010.03.11"]
[BlackTeam "Chamalières"]

1. d4 Nf6 2. Nf3 e6 3. c4 b6 4. g3 Bb4+ 5. Bd2 Bxd2+ 6. Qxd2 Ba6 7. b3 c6 8.
Bg2 d5 9. Ne5 Nfd7 10. Nxd7 Nxd7 11. O-O O-O 12. a4 dxc4 13. bxc4 Rc8 14. Rc1
e5 15. e3 exd4 16. exd4 c5 17. d5 Ne5 18. Na3 Nc6 19. Rc3 Nd4 20. Nc2 Qf6 21.
Rd1 Ne2+ 0-1

[Event "FRA-chT2 0910"]
[Site "France"]
[Date "2009.10.04"]
[Round "1.1"]
[White "Lepelletier, Benoit"]
[Black "Deslandes, Pascal"]
[Result "1-0"]
[WhiteElo "2418"]
[BlackElo "2312"]
[PlyCount "99"]
[EventDate "2009.09.27"]
[EventType "team"]
[EventRounds "11"]
[EventCountry "FRA"]
[Source "ChessBase"]
[SourceDate "2010.03.11"]

1. e4 e6 2. d4 d5 3. Nd2 Nf6 4. e5 Nfd7 5. Bd3 c5 6. c3 Nc6 7. Ne2 cxd4 8. cxd4
f6 9. exf6 Nxf6 10. O-O Bd6 11. Nf3 O-O 12. Bf4 Bxf4 13. Nxf4 Qd6 14. g3 e5 15.
dxe5 Nxe5 16. Nxe5 Qxe5 17. Qb3 Bd7 18. Qb4 a5 19. Rfe1 axb4 20. Rxe5 Rfe8 21.
Rxe8+ Bxe8 22. Bc2 Bb5 23. Bb3 Bc4 24. Rd1 Ra5 25. Rd4 Rc5 26. Kg2 Kf7 27. h4
Ke7 28. Nd3 Bxd3 29. Rxd3 Kd6 30. Kf3 h6 31. Rd4 Rb5 32. Kf4 Ng8 33. Ke3 Nf6
34. g4 g5 35. hxg5 hxg5 36. f4 gxf4+ 37. Kxf4 Ng8 38. Kf5 Ne7+ 39. Kf6 Rb6 40.
Rd1 d4 41. g5 Nd5+ 42. Kf7 Ke5 43. Bxd5 Kxd5 44. g6 Rc6 45. g7 Rc7+ 46. Kg6 Rc8
47. Rf1 Rg8 48. Rf8 Rxg7+ 49. Kxg7 d3 50. Rb8 1-0

[Event "FRA-chT2 0910"]
[Site "France"]
[Date "2009.10.04"]
[Round "1.1"]
[White "Maleki, Manuel"]
[Black "David, Vincent"]
[Result "1/2-1/2"]
[WhiteElo "2258"]
[BlackElo "2413"]
[PlyCount "67"]
[EventDate "2009.09.27"]
[EventType "team"]
[EventRounds "11"]
[EventCountry "FRA"]
[Source "ChessBase"]
[SourceDate "2010.03.11"]

1. c4 e6 2. Nf3 d5 3. d4 dxc4 4. e4 c5 5. Bxc4 cxd4 6. Nxd4 a6 7. O-O Bd7 8.
Nc3 Nc6 9. Be3 Nxd4 10. Qxd4 Bc6 11. Qe5 Qd6 12. Qxd6 Bxd6 13. Bd4 Bf8 14. Rfe1
O-O-O 15. Bb6 Rd7 16. f4 Bb4 17. Rac1 Nf6 18. a3 Bxc3 19. Rxc3 Kb8 20. Rd3 Rc8
21. Rxd7 Bxd7 22. Bd3 Bb5 23. Bxb5 axb5 24. Bd4 Rc2 25. Bc3 Kc7 26. Kf1 Kc6 27.
Re2 Rxe2 28. Kxe2 Nxe4 29. Bxg7 h5 30. Ke3 Kd5 31. Bf8 f5 32. Bg7 Kc4 33. Bf8
Nf6 34. h3 1/2-1/2

[Event "FRA-chT2 0910"]
[Site "France"]
[Date "2009.10.04"]
[Round "1.1"]
[White "Midoux, Sebastien"]
[Black "Georgiev, Krum"]
[Result "1/2-1/2"]
[WhiteElo "2352"]
[BlackElo "2466"]
[PlyCount "28"]
[EventDate "2009.09.27"]
[EventType "team"]
[EventRounds "11"]
[EventCountry "FRA"]
[Source "ChessBase"]
[SourceDate "2010.03.11"]
[BlackTeam "Lodève"]

1. d4 Nf6 2. c4 g6 3. Nc3 Bg7 4. e4 d6 5. Nf3 O-O 6. h3 Na6 7. Be3 e5 8. d5 c6
9. g4 Nc7 10. Nd2 a6 11. a4 a5 12. Be2 Na6 13. Rg1 Nd7 14. Rg3 Kh8 1/2-1/2

[Event "FRA-chT2 0910"]
[Site "France"]
[Date "2009.10.04"]
[Round "1.1"]
[White "Petitcunot, Pierre"]
[Black "Therkildsen, Thomas"]
[Result "1-0"]
[WhiteElo "2393"]
[BlackElo "2306"]
[PlyCount "71"]
[EventDate "2009.09.27"]
[EventType "team"]
[EventRounds "11"]
[EventCountry "FRA"]
[Source "ChessBase"]
[SourceDate "2010.03.11"]

1. e4 Nf6 2. e5 Nd5 3. d4 d6 4. Nf3 dxe5 5. Nxe5 c6 6. c3 Nd7 7. Nf3 N7f6 8. h3
e6 9. Bd3 c5 10. O-O cxd4 11. cxd4 Bd6 12. Nc3 h6 13. Re1 O-O 14. Ne5 a6 15.
Qf3 Bd7 16. Qg3 Nh5 17. Qf3 Nhf6 18. Bd2 Nb4 19. Bb1 Bc6 20. Qe2 Rc8 21. a3
Nbd5 22. Qd3 Nxc3 23. bxc3 Bxe5 24. Rxe5 Bb5 25. Qg3 Kh8 26. Bc2 Qe7 27. Qh4
Ng8 28. Bg5 Qd7 29. Re3 Bc6 30. Bf4 Qd5 31. Rg3 Qd8 32. Be5 Nf6 33. Re1 Rc7 34.
Ree3 Rg8 35. Rxg7 Rxg7 36. Bxf6 1-0

[Event "FRA-chT2 0910"]
[Site "France"]
[Date "2009.10.04"]
[Round "1.1"]
[White "Petrossian, Armen"]
[Black "Flear, Glenn C"]
[Result "1/2-1/2"]
[WhiteElo "2421"]
[BlackElo "2497"]
[PlyCount "51"]
[EventDate "2009.09.27"]
[EventType "team"]
[EventRounds "11"]
[EventCountry "FRA"]
[Source "ChessBase"]
[SourceDate "2010.03.11"]
[BlackTeam "L'Echiquier du Roy René"]

1. e4 e5 2. Nf3 Nc6 3. Bb5 a6 4. Ba4 Nf6 5. d4 exd4 6. O-O Be7 7. Re1 b5 8. Bb3
d6 9. Bd5 Nxd5 10. exd5 Ne5 11. Nxd4 O-O 12. h3 Bd7 13. Nd2 Re8 14. f4 Nc4 15.
Nxc4 bxc4 16. Bd2 Bh4 17. Rxe8+ Qxe8 18. Qf3 Qe7 19. Kh2 Re8 20. c3 Qe4 21.
Qxe4 Rxe4 22. g3 Bf6 23. Re1 Rxe1 24. Bxe1 Bxd4 25. cxd4 Kf8 26. Ba5 1/2-1/2

[Event "FRA-chT2 0910"]
[Site "France"]
[Date "2009.10.04"]
[Round "1.1"]
[White "Pozdnjakov, Evgueniy"]
[Black "Yordanov, Nikolay"]
[Result "0-1"]
[WhiteElo "2243"]
[BlackElo "2200"]
[PlyCount "106"]
[EventDate "2009.09.27"]
[EventType "team"]
[EventRounds "11"]
[EventCountry "FRA"]
[Source "ChessBase"]
[SourceDate "2010.03.11"]

1. d4 d5 2. Nf3 Nf6 3. e3 e6 4. Bd3 b6 5. Nbd2 Bb7 6. b3 Nbd7 7. Bb2 Be7 8. O-O
O-O 9. Qe2 Ne4 10. Ne5 f6 11. Nxd7 Qxd7 12. f4 a6 13. a4 Nxd2 14. Qxd2 Bd6 15.
Ba3 Bxa3 16. Rxa3 e5 17. a5 b5 18. Qb4 c5 19. dxc5 d4 20. e4 f5 21. exf5 Qd5
22. Rf2 e4 23. Bf1 e3 24. Rf3 Qxf5 25. Bd3 Qg4 26. h3 Qh4 27. Be2 Bxf3 28. Bxf3
Qf2+ 29. Kh2 e2 30. Ra1 Rae8 31. Qe1 Qe3 32. Bd5+ Kh8 33. g3 d3 34. cxd3 Qxd3
35. Bg2 Qxb3 36. c6 Qc4 37. h4 b4 38. Rb1 Qc3 39. Kg1 Qc5+ 40. Kh2 Qxa5 41. Rc1
Qb6 42. Rc2 b3 43. Rxe2 Rxe2 44. Qxe2 b2 45. Qe7 Rg8 46. Be4 b1=Q 47. Bxb1 Qxb1
48. c7 Qc2+ 49. Kg1 a5 50. Qd7 Qb1+ 51. Kh2 Qb2+ 52. Kh3 Qb7 53. f5 Qc8 0-1

[Event "FRA-chT2 0910"]
[Site "France"]
[Date "2009.10.04"]
[Round "1.1"]
[White "Relea, Nicolas"]
[Black "Armas, Julius"]
[Result "0-1"]
[WhiteElo "2196"]
[BlackElo "2335"]
[PlyCount "60"]
[EventDate "2009.09.27"]
[EventType "team"]
[EventRounds "11"]
[EventCountry "FRA"]
[Source "ChessBase"]
[SourceDate "2010.03.11"]

1. Nc3 c5 2. e4 d6 3. Bb5+ Bd7 4. Bc4 g6 5. Nf3 Bg7 6. O-O Nc6 7. e5 dxe5 8.
Re1 Nh6 9. d3 Nf5 10. Ne4 b6 11. Bd5 O-O 12. Neg5 h6 13. Nh3 Qc7 14. g4 Nfd4
15. c3 Qd6 16. Nxd4 Qxd5 17. Nc2 Rad8 18. Ne3 Qd6 19. f3 Na5 20. Nf2 Bb5 21. c4
Ba6 22. Qe2 Nc6 23. Ne4 Qd4 24. Qf2 Qd7 25. Ng3 Nb4 26. Ne4 f5 27. gxf5 gxf5
28. Nd2 f4 29. Ng4 Nc2 30. Nxe5 Qf5 0-1